000
00360nam a2200169Ia 4500
100
_a
Turner/Chris
650
_a
General
942
_c
BK
366
_f
10
654
_a
department
245
_a
How to run your department successfully
260
_b
Continuum
_a
NEWYORK
_c
2005
082
_a
371.2
_b
TUR
300
_a
214
546
_a
ENGLISH
999
_c
32959
_d
32959